UBT Library

Multiculturalism / (Record no. 40047)

000 -LEADER
fixed length control field 00773cam a2200241 a 4500
001 - CONTROL NUMBER
control field 3071600
005 - DATE AND TIME OF LATEST TRANSACTION
control field 20180110084208.0
008 - FIXED-LENGTH DATA ELEMENTS--GENERAL INFORMATION
fixed length control field 970724s1997 nyu b 001 0 eng
010 ## - LIBRARY OF CONGRESS CONTROL NUMBER
LC control number 97029037
020 ## - INTERNATIONAL STANDARD BOOK NUMBER
International Standard Book Number 0824209184
040 ## - CATALOGING SOURCE
Original cataloging agency DLC
Transcribing agency DLC
Modifying agency DLC
041 ## - LANGUAGE CODE
Language code of text/sound track or separate title eng
043 ## - GEOGRAPHIC AREA CODE
Geographic area code n-us---
080 ## - UNIVERSAL DECIMAL CLASSIFICATION NUMBER
Universal Decimal Classification number R 306.0973 LON
082 00 - DEWEY DECIMAL CLASSIFICATION NUMBER
Classification number R 306.0973 LON
Edition number 21
100 ## - Rafti
Rafti 26
101 ## - Shkurtesa
Shkurtesa SOC
245 00 - TITLE STATEMENT
Title Multiculturalism /
Statement of responsibility, etc edited by Robert Emmet Long.
504 ## - BIBLIOGRAPHY, ETC. NOTE
Bibliography, etc Includes bibliographical references (p. 161-170) and index.
906 ## - LOCAL DATA ELEMENT F, LDF (RLIN)
a 7
b cbc
c orignew
d 1
e ocip
f 19
g y-gencatlg
942 ## - ADDED ENTRY ELEMENTS (KOHA)
Source of classification or shelving scheme
Item type Books
Holdings
Withdrawn status Lost status Source of classification or shelving scheme Damaged status Not for loan Collection code Permanent location Current location Shelving location Date acquired Total Checkouts Full call number Barcode Date last seen Price effective from Koha item type
          Koleksioni i përgjithshem UBT - Lipjan UBT - Lipjan Koleksioni i përgjithshem 01/10/2018   R 306.0973 LON 002-2995072 01/10/2018 01/10/2018 Books
UBT Library © 2015-2024. All rights reserved University Education for Business and Technology